• 首页
  • 本馆介绍
  • 公告通知
  • 最新文献
  • 馆藏检索
  • 电子资源
  • 读者导购
  • 参考咨询
  • 我的图书馆
  • 登录
  • 详细信息显示
  • 放入我的书架
  • 预约/预借图书
  • 作者相关作品
  • 分类相关作品
  • 丛书相关作品
  • 出版社相关作品

书目信息

  • 表格格式
  • 工作单格式
  • 卡片格式
题名:
末代沙皇
    
 
作者: 道洛什·久尔吉 著 ;何剑 译
分册:  
出版信息: 长沙   湖南人民出版社有限责任公司  2020
页数: 14,238页
开本: 21cm
丛书名:
单 册:
中图分类: K512.306 , K512
科图分类:
主题词: 罗曼诺夫王朝(1613-1917)--史料 , 东欧--历史 , 中欧--历史
电子资源:
ISBN: 978-7-5561-2141-0
000 01296nam0 2200313 450
001 202206143706479600
005 20231124202536.77
010    @a978-7-5561-2141-0@dCNY58.00
092    @aCN@b2022
100    @a20201022d2020 em y0chiy50 ea
101 1  @achi@chun
102    @aCN@b430000
105    @aa z 000yy
106    @ar
200 1  @a末代沙皇@9mo dai sha huang@dDer letzte Zar@e罗曼诺夫王朝的覆灭@f(匈)道洛什·久尔吉(Dalos Gyorgy)著@g何剑译@zger
210    @a长沙@c湖南人民出版社有限责任公司@d2020
215    @a14,238页@c图,照片@d21cm
330    @a本书讲述了:1894年,未代沙皇尼古拉二世上台,他从最初就被证明没有能力应对其帝国所面临的诸多问题。在灾难、战争和个人苦难面前,这位软弱的统治者深感不安,他对于如何减轻工人和农民所面临的困苦也没有确切概念。当流浪传教土拉斯普京在宫廷里被尊为救世主,而他统治中的混乱时刻与日俱增时,势在必行的改革却止步不前。当尼古拉二世试图进行改革时,一切为时已晚。
510 1  @aLetzte Zar@zger
606 0  @a罗曼诺夫王朝(1613-1917)@j史料
606 0  @a东欧@x历史
606 0  @a中欧@x历史
690    @aK512.306@v5
690    @aK512@v4
701  0 @c(匈)@a道洛什·久尔吉@9dao luo shi jiu er ji@c(Dalos Gy?rgy@f1943-)@4著
702  0 @a何剑@9he jian@4译
801  0 @aCN@b91MARC@c20201022
905    @aBZT@dK512@e1
906    @c2022@d58@n3@r1
    
    末代沙皇=Der letzte Zar:罗曼诺夫王朝的覆灭/(匈)道洛什·久尔吉(Dalos Gyorgy)著/何剑译.-长沙:湖南人民出版社有限责任公司,2020
    14,238页:图,照片;21cm
    
    
    ISBN 978-7-5561-2141-0:CNY58.00
    本书讲述了:1894年,未代沙皇尼古拉二世上台,他从最初就被证明没有能力应对其帝国所面临的诸多问题。在灾难、战争和个人苦难面前,这位软弱的统治者深感不安,他对于如何减轻工人和农民所面临的困苦也没有确切概念。当流浪传教土拉斯普京在宫廷里被尊为救世主,而他统治中的混乱时刻与日俱增时,势在必行的改革却止步不前。当尼古拉二世试图进行改革时,一切为时已晚。
●
相关链接 在五车中查询图书 在当当中查询图书 在豆瓣中查询图书


正题名:末代沙皇     索取号:K512/1         预约/预借

序号 登录号 条形码 馆藏地/架位号 状态 备注
1 2001042960   2001042960   中教第一批/山东中教(第一批)/567/ [索取号:K512/1] 在馆    
2 2001042961   2001042961   中教第一批/山东中教(第一批)/567/ [索取号:K512/1] 在馆    
3 2001042962   2001042962   中教第一批/山东中教(第一批)/567/ [索取号:K512/1] 在馆    
4 2001042963   2001042963   中教第一批/山东中教(第一批)/567/ [索取号:K512/1] 在馆    
5 2001042964   2001042964   中教第一批/山东中教(第一批)/567/ [索取号:K512/1] 在馆    
6 2001042965   2001042965   中教第一批/山东中教(第一批)/567/ [索取号:K512/1] 在馆    
山东省滨州职业学院图书馆 欢迎您!
大连网信软件有限公司© 版权所有